Odvodnění horských a podhorských oblastí : Objekty 1. Typový podklad

Saved in:
Bibliographic Details
Format: Book
Language:Czech
Published: Praha : Hydroprojekt, 1986
Tags: Add Tag
No Tags, Be the first to tag this record!

MARC

LEADER 00000nam a22000003a 4500
001 stu231579
005 20150408182909.0
008 110715s1986----xr------------------cze-d
040 |a STU  |b slo 
041 0 |a cze 
044 |a xr 
245 |a Odvodnění horských a podhorských oblastí :  |b Objekty 1. Typový podklad 
260 |a Praha :  |b Hydroprojekt,  |c 1986 
996 |b 284V034437  |c V*5526/K-1056b  |l VVT  |s A  |a 24  |w stu231579_0001